Η αφήγηση στον κινηματογράφο
Αποθηκεύτηκε σε:
| Κύριος συγγραφέας: | |
|---|---|
| Μορφή: | Βιβλίο |
| Γλώσσα: | Greek French |
| Δημοσίευση: |
Αθήνα :
Πατάκης,
c2003.
|
| Σειρά: | Κινηματογραφικές σπουδές. Τετράδια κινηματογράφου
|
| Θέματα: | |
| Ετικέτες: |
Προσθήκη ετικέτας
Δεν υπάρχουν, Καταχωρήστε ετικέτα πρώτοι!
|
MARC
| LEADER | 00000cam a2200000 i 4500 | ||
|---|---|---|---|
| 001 | 1/4884 | ||
| 008 | 100225s2003 gr | ||| |||| ||gre|| | ||
| 020 | |a 9789601619026 | ||
| 035 | |l 10106967 | ||
| 040 | |a GR-MyUa |b gre |e AACR2 | ||
| 041 | 1 | |a gre |h fre | |
| 082 | 7 | |a 791.43 |2 (23) | |
| 082 | 7 | |a 791.437 |2 (22) | |
| 100 | 1 | |a Guerin, Marie Anne. | |
| 245 | 1 | 2 | |a Η αφήγηση στον κινηματογράφο / |c Marie Anne Guerin ; μετάφραση Δώρα Θυμιοπούλου ; επιμέλεια μετάφρασης Μαρία Γαβαλά. |
| 260 | |a Αθήνα : |b Πατάκης, |c c2003. | ||
| 300 | |a 102 σ.; |b εικ.; |c 19 εκ. | ||
| 490 | 1 | |a Κινηματογραφικές σπουδές. Τετράδια κινηματογράφου | |
| 500 | |a Τίτλος πρωτοτύπου: Le recit de cinema | ||
| 504 | |a Βιβλιογραφία: σ. [99] | ||
| 650 | 0 | 0 | |a Motion pictures |x Plots, themes, etc. |
| 650 | 0 | 0 | |a Motion pictures |x History. |
| 650 | 0 | 0 | |a Narrative art. |
| 830 | 0 | |a Κινηματογραφικές σπουδές. Τετράδια κινηματογράφου | |
| 852 | |a INST |b RHODES |e 20100225 |h 791.437 GUE |p 005400032524 |q 005400032524 |t BK |y 0 | ||
| 852 | |a INST |b SYROS |c EUDOXUS |e 20130425 |h 791.43 GUE |p 005500010700 |q 005500010700 |t EDX |y 0 | ||
| 901 | |a BIBL5-2013-1 | ||
| 901 | |a BIBL4-2010-1 | ||
| 920 | |a Εύδοξος |b Παρραγελία |y Σύρος-ΤΜΣΠΣ |z 2013-04 | ||
| 970 | |a Κόζα |b Μαρία |z 25/02/2010 | ||